Normal view MARC view

Entry Personal Name

Number of records used in: 1

001 - CONTROL NUMBER

  • control field: 56873

003 - CONTROL NUMBER IDENTIFIER

  • control field: dpl

005 - DATE AND TIME OF LATEST TRANSACTION

  • control field: 20230918154537.0

008 - FIXED-LENGTH DATA ELEMENTS

  • fixed length control field: 230918|| aca||aabn | a|a d

040 ## - CATALOGING SOURCE

  • Original cataloging agency: dpl
  • Transcribing agency: dpl

100 ## - HEADING--PERSONAL NAME

  • Personal name: Chin, David A

670 ## - SOURCE DATA FOUND

  • Source citation: Work cat.: (dpl)198314: Chin, David A., Fluid Mechanics For Engineers/, 2023

© Delhi Public Library
Hit Counter
free hit counter